[Event "15th London Classic Open"]
[Site "London ENG"]
[Date "2025.12.03"]
[Round "9.25"]
[White "Pollack, Oscar"]
[Black "Efroimski, Marsel"]
[Result "0-1"]
[BlackTitle "IM"]
[WhiteElo "2099"]
[BlackElo "2384"]
[WhiteFideId "429414"]
[BlackFideId "2810964"]
[EventDate "2025.11.27"]

1. e4 e6 2. d4 d5 3. e5 c5 4. c3 Nc6 5. Nf3 Bd7 6. Bd3 cxd4 7. O-O dxc3 8. Nxc3
Nge7 9. Bg5 a6 10. Rc1 h6 11. Be3 g5 12. h3 Bg7 13. Bc5 Nxe5 14. Nxe5 Bxe5 15.
f4 gxf4 16. Qh5 Nc6 17. Rce1 Qg5 18. Qe2 Rg8 19. Kh1 f6 20. Nb1 b6 21. Bxb6 Rb8
22. Bc5 Rxb2 23. Bc2 Ne7 24. Rf2 Bb5 25. Qf3 Qh4 26. Rxe5 fxe5 27. Qc3 Rxb1+ 28.
Bxb1 d4 29. Qf3 Nd5 30. Bxd4 exd4 31. g4 Qg3 32. Qe4 Qxh3+ 0-1

[Event "15th London Classic Open"]
[Site "London ENG"]
[Date "2025.12.03"]
[Round "9.26"]
[White "Gordon, Stephen J"]
[Black "Gallana, Marco"]
[Result "1/2-1/2"]
[WhiteTitle "GM"]
[WhiteElo "2465"]
[BlackElo "2225"]
[WhiteFideId "411477"]
[BlackFideId "824542"]
[EventDate "2025.11.27"]

1. Nf3 Nf6 2. c4 c5 3. Nc3 d5 4. cxd5 Nxd5 5. d4 Nxc3 6. bxc3 g6 7. e3 Bg7 8.
Bb5+ Bd7 9. Bd3 Nc6 10. O-O Qc7 11. Rb1 O-O 12. h3 Rfd8 13. Qe2 Be8 14. Ba3 b6
15. Rbc1 Na5 16. e4 e6 17. Qe3 Qd7 18. Bb2 Qa4 19. Qe2 cxd4 20. cxd4 Rac8 21.
Rxc8 Rxc8 22. Rc1 1/2-1/2

[Event "15th London Classic Open"]
[Site "London ENG"]
[Date "2025.12.03"]
[Round "9.27"]
[White "Brunner, Nicolas"]
[Black "Balaji, Aaravamudhan"]
[Result "1/2-1/2"]
[WhiteTitle "IM"]
[BlackTitle "IM"]
[WhiteElo "2420"]
[BlackElo "2305"]
[WhiteFideId "620246"]
[BlackFideId "436224"]
[EventDate "2025.11.27"]

1. d4 d5 2. c4 e6 3. Nc3 Be7 4. Nf3 Nf6 5. cxd5 exd5 6. Bf4 c6 7. e3 Bf5 8. Nh4
Bg4 9. Qc2 Bd6 10. Bxd6 Qxd6 11. h3 Bd7 12. Nf3 O-O 13. Bd3 a5 14. O-O Na6 15.
a3 Nc7 16. Na4 Ne6 17. Rfc1 g6 18. Ne5 Rfd8 19. Rab1 Ra7 20. b4 Be8 21. Nc5 axb4
22. Nxe6 Qxe6 23. axb4 Rc8 24. Qc5 Raa8 25. Ra1 Nd7 26. Nxd7 Qxd7 27. Qb6 Kg7
28. Ra5 Qd8 29. Qxd8 Rxd8 30. Rca1 Rxa5 31. Rxa5 Rc8 32. Ra7 Rb8 33. f3 Kf6 34.
Kf2 Ke6 35. e4 Kd6 36. e5+ Kc7 37. f4 Bd7 38. g4 h5 39. Kg3 hxg4 40. hxg4 Rh8
41. Ra1 Kb6 42. f5 g5 43. f6 Be6 44. Be2 1/2-1/2

[Event "15th London Classic Open"]
[Site "London ENG"]
[Date "2025.12.03"]
[Round "9.28"]
[White "Vijayakumar, Rishi"]
[Black "Willems, Niels"]
[Result "1-0"]
[WhiteTitle "FM"]
[BlackTitle "FM"]
[WhiteElo "2300"]
[BlackElo "2368"]
[WhiteFideId "2408953"]
[BlackFideId "20695586"]
[EventDate "2025.11.27"]

1. d4 Nf6 2. c4 e6 3. Nf3 d5 4. Nc3 Nbd7 5. Bg5 Bb4 6. e3 c5 7. cxd5 exd5 8. Bd3
Qa5 9. Qc2 c4 10. Bf5 O-O 11. O-O Re8 12. Rfb1 h6 13. Bh4 Bxc3 14. Qxc3 Qa6 15.
Bc2 Ne4 16. Bxe4 dxe4 17. Nd2 Nb6 18. a4 Nxa4 19. Qb4 b5 20. Nxc4 bxc4 21. Rxa4
Rb8 22. Qxc4 Qxc4 23. Rxc4 Be6 24. Ra4 Rec8 25. h3 Rc2 26. b4 Rb7 27. Bg3 Bc4
28. Ra5 Ra2 29. Rc5 Bd3 30. Rbc1 Rb2 31. Bd6 Rb1 32. Rxb1 Bxb1 33. Rc8+ Kh7 34.
Bc5 Bd3 35. d5 Rd7 36. d6 a6 37. g4 Kg6 38. Kg2 f6 39. Rf8 Rf7 40. Rxf7 1-0

[Event "15th London Classic Open"]
[Site "London ENG"]
[Date "2025.12.03"]
[Round "9.29"]
[White "Hebden, Mark L"]
[Black "Khoo-Thwe, Louis"]
[Result "1-0"]
[WhiteTitle "GM"]
[BlackTitle "CM"]
[WhiteElo "2355"]
[BlackElo "2225"]
[WhiteFideId "400084"]
[BlackFideId "1538756"]
[EventDate "2025.11.27"]

1. Nf3 d5 2. e3 c5 3. b3 Nf6 4. Bb2 Bg4 5. Bb5+ Nbd7 6. c4 a6 7. Bxd7+ Qxd7 8.
Ne5 Bxd1 9. Nxd7 Nxd7 10. Kxd1 dxc4 11. bxc4 Nb6 12. d3 Na4 13. Be5 f6 14. Nc3
Nxc3+ 15. Bxc3 O-O-O 16. Ke2 e5 17. Rab1 Bd6 18. a4 Rd7 19. a5 Rhd8 20. g4 Bc7
21. Rhd1 h5 22. h3 g5 23. Rd2 Rh8 24. Kf3 hxg4+ 25. hxg4 Rf7 26. Rdb2 Bd8 27.
Ke4 f5+ 28. gxf5 Rh4+ 29. Kf3 Rxf5+ 30. Kg2 Rf7 31. Bxe5 Bxa5 32. Rb3 Bb4 33.
Rxb4 cxb4 34. Rxb4 Rfh7 35. d4 Rh1 36. c5 Rc1 37. Rb6 Rf7 38. Rg6 Rc2 39. Bg3
Kd7 40. Rxg5 Kc6 41. e4 a5 42. Rg6+ Kb5 43. e5 a4 44. Rb6+ Ka5 45. e6 Rg7 46.
Rb1 a3 47. d5 Rxc5 48. d6 Rd5 49. e7 Rg8 50. Rxb7 a2 51. Ra7+ Kb6 52. Rxa2 Kc6
53. Ra7 Rd3 54. Rc7+ Kb6 55. Rd7 1-0

[Event "15th London Classic Open"]
[Site "London ENG"]
[Date "2025.12.03"]
[Round "9.30"]
[White "Li, Guohao"]
[Black "Roe, Simon J"]
[Result "1/2-1/2"]
[WhiteElo "2348"]
[BlackElo "2172"]
[WhiteFideId "8619999"]
[BlackFideId "401471"]
[EventDate "2025.11.27"]

1. e4 e5 2. Nf3 Nf6 3. Nxe5 d6 4. Nf3 Nxe4 5. Nc3 Nxc3 6. dxc3 Be7 7. Bf4 Nd7 8.
Qd2 O-O 9. O-O-O Nc5 10. h4 Re8 11. Bc4 Bg4 12. Ng5 Bxg5 13. Bxg5 Qd7 14. f3 Be6
15. Bxe6 Rxe6 16. Be3 Qb5 17. Bd4 Rae8 18. Rhe1 h6 19. Rxe6 Rxe6 20. Re1 Rxe1+
21. Qxe1 Ne6 22. Be3 Qe5 23. Qf2 a6 24. Bd2 b5 25. b3 Qh2 26. Kb2 Qe5 27. a3 a5
28. Qf1 c6 29. Qf2 a4 30. Qe1 Qd5 31. Be3 Qe5 32. Bf2 Qd5 33. c4 bxc4 34. bxa4
c5 35. Qe4 Qd2 36. Be1 c3+ 37. Ka2 Qxg2 38. Bxc3 d5 39. Qf5 d4 40. Bb2 c4 41. a5
c3 42. Bc1 Qf1 43. Kb1 Qc4 44. Qd3 Qa4 45. Qa6 Kh7 46. Qd3+ Kg8 47. Qa6 Kh7 48.
Qd3+ g6 49. h5 Qxa5 50. hxg6+ fxg6 51. Qe4 Qb6+ 52. Ka1 h5 53. Qd5 Ng7 54. a4 h4
55. a5 Qa7 56. Qd8 Nf5 57. Bf4 Qc5 58. Qc7+ Qxc7 59. Bxc7 Ne7 60. a6 Nc6 61. Bd6
h3 62. Ka2 Kg8 63. Kb3 Kf7 64. Kc4 Ke6 65. Bg3 Kd7 66. Bh2 Ke6 67. Bc7 Kd7 68.
Bh2 Ke6 69. Bc7 1/2-1/2

[Event "15th London Classic Open"]
[Site "London ENG"]
[Date "2025.12.03"]
[Round "9.31"]
[White "Negrean, Andrei"]
[Black "Hagesather, Arne"]
[Result "1-0"]
[WhiteTitle "FM"]
[WhiteElo "2334"]
[BlackElo "1975"]
[WhiteFideId "1291513"]
[BlackFideId "1502476"]
[EventDate "2025.11.27"]

1. d4 d5 2. c4 c6 3. cxd5 cxd5 4. Nc3 Nf6 5. Nf3 Nc6 6. Bf4 Bf5 7. e3 e6 8. Qb3
Bb4 9. Bb5 Qa5 10. O-O O-O 11. Bxc6 bxc6 12. Bc7 Qxc7 13. Qxb4 Rab8 14. Qa3 Nd7
15. Na4 Bg4 16. Nd2 e5 17. dxe5 Nxe5 18. Rfc1 Be2 19. Nc3 Bc4 20. b3 Bb5 21.
Nxb5 Rxb5 22. Rc3 Re8 23. Rac1 Qb6 24. Qb2 d4 25. exd4 Qxd4 26. Qc2 Rd5 27. Nf1
g6 28. Ne3 Rd7 29. Rd1 Qf4 30. Rxd7 Nxd7 31. Rxc6 Qd4 32. h3 Qa1+ 33. Kh2 Qe5+
34. g3 h5 35. h4 Qb8 36. Nc4 Kh7 37. Qd2 Qb7 1-0

[Event "15th London Classic Open"]
[Site "London ENG"]
[Date "2025.12.03"]
[Round "9.32"]
[White "Krishnan, Ritvik"]
[Black "Banerjee, Supratit"]
[Result "0-1"]
[WhiteTitle "FM"]
[BlackTitle "FM"]
[WhiteElo "2265"]
[BlackElo "2323"]
[WhiteFideId "45055297"]
[BlackFideId "2410079"]
[EventDate "2025.11.27"]

1. Nf3 Nf6 2. b3 g6 3. Bb2 Bg7 4. g3 d6 5. d4 O-O 6. Bg2 b5 7. O-O Bb7 8. Qd3 a6
9. Nbd2 c5 10. d5 c4 11. bxc4 bxc4 12. Nxc4 Bxd5 13. Bxf6 Bxc4 14. Qxc4 Bxf6 15.
Rab1 Ra7 16. Qd3 Rc7 17. c4 Nd7 18. Nd2 Ne5 19. Qa3 Qc8 20. Rb6 Nd7 21. Rbb1 Nc5
22. Nb3 Qe6 23. Nxc5 Rxc5 24. e3 a5 25. Rb5 Qxc4 26. Rxa5 Rxa5 27. Qxa5 e6 28.
a4 d5 29. Qb5 Rc8 30. Bf3 Qa2 31. e4 dxe4 32. Bxe4 Rc4 33. Bc6 Bd4 34. Qb8+ Kg7
35. Be8 Rc2 36. Qf4 e5 37. Qf3 Qe6 38. Bb5 Ra2 39. Bc6 Qf6 40. Qxf6+ Kxf6 41.
Kh1 Rxf2 42. Rxf2+ Bxf2 43. Kg2 Bb6 44. Bd5 Ke7 45. g4 f5 46. gxf5 gxf5 47. Kg3
Kf6 48. Bg2 e4 49. a5 Bc7+ 50. Kh3 Bxa5 51. Bh1 Kg5 52. Kg2 Kf4 53. Kf2 Bb6+ 54.
Ke2 Bg1 55. h3 Kg3 56. Kf1 Bc5 57. Bg2 h5 0-1

[Event "15th London Classic Open"]
[Site "London ENG"]
[Date "2025.12.03"]
[Round "9.33"]
[White "Houska, Jovanka"]
[Black "Panda, Barnabas"]
[Result "1-0"]
[WhiteTitle "IM"]
[WhiteElo "2320"]
[BlackElo "2099"]
[WhiteFideId "405094"]
[BlackFideId "799556"]
[EventDate "2025.11.27"]

1. d4 Nf6 2. Nf3 e6 3. c4 Bb4+ 4. Bd2 a5 5. g3 d6 6. Bg2 Qe7 7. O-O e5 8. Bg5
exd4 9. Nxd4 O-O 10. a3 Bc5 11. Nc3 Qe5 12. Nf3 Qf5 13. Qd3 c6 14. e4 Qg6 15.
Rad1 Nbd7 16. Bf4 Nb6 17. Nh4 Qh5 18. Nf5 Bxf5 19. exf5 Ng4 20. h3 Ne5 21. Qc2
Nbxc4 22. g4 Qh4 23. Ne4 f6 24. Nxc5 dxc5 25. Bg3 Qh6 26. f4 Ne3 27. Qb3+ N5c4
28. Rfe1 a4 29. Qa2 Kh8 30. Rd7 Rad8 31. Re7 Nxg2 32. Kxg2 b5 33. Qb1 g6 34.
R1e2 gxf5 35. Qxf5 Qg6 36. Qxc5 Qb1 37. f5 Rd1 38. Bf2 Rg8 39. Re8 Rd8 40. Rxd8
Rxd8 41. Qxc6 Qd3 42. Qxf6+ Kg8 43. Qe6+ Kh8 44. Re4 Qd2 45. f6 Qd6 46. Rd4 Qxe6
47. Rxd8+ Qg8 48. f7 1-0

[Event "15th London Classic Open"]
[Site "London ENG"]
[Date "2025.12.03"]
[Round "9.34"]
[White "Kanov, Nikola"]
[Black "Harley, Andrew D"]
[Result "1/2-1/2"]
[WhiteTitle "IM"]
[BlackTitle "FM"]
[WhiteElo "2418"]
[BlackElo "2182"]
[WhiteFideId "2928531"]
[BlackFideId "401390"]
[EventDate "2025.11.27"]

1. c4 Nf6 2. g3 c5 3. Bg2 d5 4. cxd5 Nxd5 5. Nc3 Nc7 6. d3 e5 7. Be3 Be7 8. Rc1
Ne6 9. Nf3 Nc6 10. O-O Bd7 11. Nd5 O-O 12. Nd2 Rc8 13. f4 exf4 14. gxf4 Ned4 15.
Bxd4 Nxd4 16. e3 Nf5 17. e4 Nh4 18. Nc4 Nxg2 19. Kxg2 Bf6 20. Nd6 Bh3+ 21. Kxh3
Qxd6 22. b3 Bd4 23. Qf3 f5 24. Kg2 Rcd8 25. Rce1 Rfe8 26. Re2 g6 27. Rfe1 Kg7
28. Rc1 b6 29. a3 a5 30. b4 axb4 31. axb4 Rd7 32. bxc5 Bxc5 33. Rb1 Ra8 34. Reb2
Ra3 35. Qe2 Rda7 36. Kh1 h5 37. Qc2 Kh6 38. Rb3 Bd4 39. Rxa3 Rxa3 40. Qg2 Rxd3
41. Qe2 fxe4 42. Qxe4 Rd2 43. Rf1 Bc5 44. Nc3 Qd3 45. Qxd3 Rxd3 46. Ne4 Rd5 47.
Kg2 Rf5 48. Kf3 Be7 49. Rc1 g5 50. Rc6+ Kg7 51. Rxb6 Rxf4+ 52. Ke3 Rh4 53. Rb7
Kf8 54. Rb2 Kf7 55. Ra2 Rh3+ 56. Kd4 Bf6+ 57. Kc4 Re3 1/2-1/2

[Event "15th London Classic Open"]
[Site "London ENG"]
[Date "2025.12.03"]
[Round "9.35"]
[White "Vortmeier, Jan"]
[Black "Badacsonyi, Stanley"]
[Result "1/2-1/2"]
[BlackTitle "FM"]
[WhiteElo "2152"]
[BlackElo "2316"]
[WhiteFideId "16261321"]
[BlackFideId "486973"]
[EventDate "2025.11.27"]

1. Nf3 Nf6 2. c4 g6 3. Nc3 Bg7 4. e4 d6 5. d4 O-O 6. Be2 e5 7. d5 a5 8. Bg5 Na6
9. Nd2 Nc5 10. h4 Bd7 11. g4 c6 12. Rg1 a4 13. Qc2 Qa5 14. Rb1 cxd5 15. exd5
Rfc8 16. Kf1 Rab8 17. b4 axb3 18. axb3 Na6 19. Qb2 h6 20. b4 Qd8 21. Be3 b5 22.
g5 hxg5 23. hxg5 Ne8 24. cxb5 Nac7 25. b6 Na8 26. Ba6 Rxc3 27. Qxc3 Nxb6 28. Qb3
Nc7 29. Bxb6 Rxb6 30. Bd3 Nb5 31. Nc4 Nd4 32. Qa3 Bh3+ 33. Ke1 Nf3+ 34. Ke2
Nxg1+ 35. Rxg1 Rb8 36. Bxg6 Bd7 37. Bd3 e4 38. Bxe4 Bb5 39. Bd3 Rc8 40. Rg4 Bd7
41. Rg3 Bb5 42. Rg4 Bd7 43. Rg3 Bb5 44. Rg4 1/2-1/2

[Event "15th London Classic Open"]
[Site "London ENG"]
[Date "2025.12.03"]
[Round "9.36"]
[White "Kudaibergen, Nurlykhan"]
[Black "Koster, Ramon"]
[Result "0-1"]
[BlackTitle "FM"]
[WhiteElo "2127"]
[BlackElo "2302"]
[WhiteFideId "13724665"]
[BlackFideId "1008544"]
[EventDate "2025.11.27"]

1. e4 c6 2. d4 d5 3. exd5 cxd5 4. Bd3 Nc6 5. c3 Qc7 6. h3 e6 7. Nf3 Bd6 8. O-O
Nge7 9. Re1 O-O 10. Be3 Ng6 11. Nbd2 Bd7 12. Rc1 Rad8 13. Bf1 a6 14. Nb3 Nce7
15. Nc5 Bc8 16. b4 Nf5 17. Bd2 Rfe8 18. Nd3 f6 19. Qb3 Qf7 20. g3 h6 21. h4 Bb8
22. Bg2 Nd6 23. Rcd1 Kh8 24. Re2 Ne4 25. Bc1 Bd7 26. a4 Rc8 27. Nc5 Nxc5 28.
bxc5 Bc6 29. Rde1 Qd7 30. a5 Re7 31. Bh3 Rce8 32. Nh2 Nf8 33. h5 Qd8 34. Ng4 Nh7
35. f4 Bc7 36. Ne3 f5 37. Ng2 Nf6 38. Nh4 Ne4 39. Ng6+ Kg8 40. g4 Rf7 41. gxf5
exf5 42. Rg2 Ng5 43. Rxe8+ Qxe8 44. Ne5 Nxh3+ 45. Kh2 Bxe5 46. dxe5 Ng5 47. fxg5
Qxe5+ 48. Kh3 f4 49. Qb6 Bd7+ 0-1

[Event "15th London Classic Open"]
[Site "London ENG"]
[Date "2025.12.03"]
[Round "9.37"]
[White "Rushbrooke, Remy"]
[Black "Kalavannan, Koby"]
[Result "0-1"]
[BlackTitle "FM"]
[WhiteElo "2119"]
[BlackElo "2275"]
[WhiteFideId "443590"]
[BlackFideId "425753"]
[EventDate "2025.11.27"]

1. d4 d6 2. Nf3 Nf6 3. Bg5 Nbd7 4. Nbd2 e5 5. e4 Be7 6. c3 h6 7. Bh4 exd4 8.
Nxd4 Nxe4 9. Nxe4 Bxh4 10. Nf5 Bf6 11. Bc4 O-O 12. Bb3 Re8 13. f3 Nc5 14. Ng3
Nxb3 15. Qxb3 Be5 16. O-O Bf4 17. Rfe1 d5 18. Rad1 c6 19. Nh5 Bxh2+ 20. Kh1 Be5
21. g3 Qd7 22. g4 f5 23. f4 fxe4 24. Rxe4 Bc7 0-1

[Event "15th London Classic Open"]
[Site "London ENG"]
[Date "2025.12.03"]
[Round "9.38"]
[White "Itkin, David"]
[Black "Badrinath, S."]
[Result "0-1"]
[BlackTitle "CM"]
[WhiteElo "2272"]
[BlackElo "2200"]
[WhiteFideId "2611813"]
[BlackFideId "5029961"]
[EventDate "2025.11.27"]

1. e4 e5 2. Nf3 Nc6 3. d4 exd4 4. Nxd4 Nf6 5. Nxc6 bxc6 6. e5 Qe7 7. Qe2 Nd5 8.
h4 Qe6 9. c4 Bb4+ 10. Nd2 Nf4 11. Qe3 Ng6 12. f4 d6 13. h5 Ne7 14. a3 Bc5 15.
Qc3 dxe5 16. fxe5 Qf5 17. Nf3 Qe4+ 18. Be2 Nf5 19. Qd3 Qg4 20. Nh4 Qg3+ 21. Kd2
Qxe5 22. Bf3 O-O 23. Bxc6 Nxh4 24. Re1 Qf6 25. Bxa8 Bf5 26. Qc3 Bd4 27. Qg3 Rxa8
28. Kd1 Bf2 0-1

[Event "15th London Classic Open"]
[Site "London ENG"]
[Date "2025.12.03"]
[Round "9.39"]
[White "Sivanandan, Bodhana"]
[Black "Yoon, Jacob D"]
[Result "0-1"]
[WhiteTitle "WIM"]
[BlackTitle "CM"]
[WhiteElo "2233"]
[BlackElo "2160"]
[WhiteFideId "497592"]
[BlackFideId "446076"]
[EventDate "2025.11.27"]

1. e4 c5 2. Nf3 d6 3. Bb5+ Bd7 4. Bxd7+ Nxd7 5. O-O Ngf6 6. Qe2 e6 7. d4 cxd4 8.
Nxd4 Be7 9. c4 Qa5 10. Rd1 a6 11. b3 O-O 12. Bb2 Rac8 13. Nc3 Rfe8 14. Qd2 Qh5
15. h3 Qg6 16. Re1 Nh5 17. Nf3 Ne5 18. Nxe5 dxe5 19. Qe3 Bc5 20. Qf3 Bd4 21.
Rab1 Red8 22. Ne2 Bxb2 23. Rxb2 Nf6 24. Ng3 Rd4 25. Rbb1 h5 26. Rbd1 h4 27. Rxd4
exd4 28. Ne2 e5 29. Nc1 b5 30. cxb5 axb5 31. Nd3 Qg5 32. Qe2 Rc3 33. Rd1 Nd7 34.
Qd2 Qg6 35. Qe2 Qg5 36. Qd2 Qxd2 37. Rxd2 f6 38. Kf1 Kf7 39. Ke2 Ke6 40. f3 Kd6
41. Rd1 Nc5 42. Nb4 Ne6 43. Nd3 g5 44. Kd2 Nf4 45. Nxf4 gxf4 46. Rc1 b4 47. Rb1
Kc5 48. Rb2 d3 49. Kd1 Kd4 50. Rd2 Rc8 51. Rf2 Ke3 52. Rd2 Rg8 53. Kc1 Rc8+ 54.
Kd1 Rc7 55. Rb2 Rc6 56. Rd2 Rc8 57. Rb2 Rg8 58. Rd2 f5 59. exf5 e4 60. f6 exf3
61. f7 Rf8 62. gxf3 Rxf7 63. Rg2 Kxf3 64. Rg6 Ke3 65. Re6+ Kf2 66. Rg6 Ke3 67.
Re6+ Kd4 68. Rd6+ Kc3 69. Rc6+ Kb2 70. Rd6 f3 71. Ke1 f2+ 72. Kf1 Rf3 73. Rd4
Kxa2 74. Rxb4 Kb2 75. Rxh4 d2 76. Rd4 Kc2 77. Rc4+ Rc3 78. Rd4 Rd3 79. Rxd3 Kxd3
80. Kxf2 d1=Q 81. Kg3 Qxb3 82. h4 Qe6 83. h5 Qf5 84. Kh4 Qf4+ 85. Kh3 Qg5 86.
Kh2 Qxh5+ 87. Kg2 Ke3 88. Kg3 Qg5+ 89. Kh3 Kf2 90. Kh2 Qh5# 0-1

[Event "15th London Classic Open"]
[Site "London ENG"]
[Date "2025.12.03"]
[Round "9.40"]
[White "Hanache, Kai"]
[Black "Dignam, Matthew"]
[Result "1-0"]
[BlackTitle "CM"]
[WhiteElo "2122"]
[BlackElo "2214"]
[WhiteFideId "490105"]
[BlackFideId "2501422"]
[EventDate "2025.11.27"]

1. e4 d6 2. d4 Nf6 3. Nc3 e5 4. Nf3 Nbd7 5. Bc4 Be7 6. O-O O-O 7. a4 c6 8. Ba2
a5 9. Qe2 Qc7 10. h3 Rb8 11. Rd1 b5 12. axb5 cxb5 13. Nxb5 Ba6 14. Nxc7 Bxe2 15.
Rd2 Bxf3 16. gxf3 exd4 17. Nd5 Nxd5 18. Bxd5 Ne5 19. Kg2 Bg5 20. Rxd4 Bxc1 21.
Rxc1 Rxb2 22. Bb3 g5 23. Rxd6 Kg7 24. Ra1 f6 25. Rxa5 Rb1 26. Be6 Ng6 27. Ra7+
Kh6 28. Kh2 Rfb8 29. Bf5 Rf1 30. Rdd7 g4 31. h4 Nxh4 32. Rxh7+ Kg5 33. f4+ Kxf4
34. Rxh4 Rxf2+ 35. Kg1 Rxc2 36. Rxg4+ Ke3 37. Ra1 Re2 38. Rg2 Rxg2+ 39. Kxg2
Rg8+ 40. Kf1 Kf4 41. Ke2 Rd8 42. Rd1 Ra8 43. Rd6 Kg5 44. Kd3 Ra4 45. Rb6 Ra5 46.
Kd4 Re5 47. Rb7 Ra5 48. Rg7+ Kf4 49. Rg4+ Kf3 50. Rg6 Ra6 51. Kc5 Kf4 52. Kd5
Rb6 53. Bd7 Ra6 54. Bb5 Rb6 55. Bc6 f5 56. Rf6 1-0

[Event "15th London Classic Open"]
[Site "London ENG"]
[Date "2025.12.03"]
[Round "9.41"]
[White "Abhyuday, Santhosh"]
[Black "Li, Harry"]
[Result "1/2-1/2"]
[WhiteTitle "CM"]
[WhiteElo "2094"]
[BlackElo "2206"]
[WhiteFideId "25624849"]
[BlackFideId "430145"]
[EventDate "2025.11.27"]

1. e4 e5 2. Nf3 Nc6 3. Nc3 Nf6 4. Bb5 Nd4 5. O-O c6 6. Bd3 Nxf3+ 7. Qxf3 d6 8.
Qg3 g6 9. Be2 Bg7 10. d3 O-O 11. a4 Be6 12. Bg5 h6 13. Bxf6 Bxf6 14. Bg4 Bh4 15.
Qf3 f5 16. Bh3 Kh7 17. Qe2 Qd7 18. Rad1 Bf6 19. f4 Rae8 20. fxe5 Bxe5 21. d4 Bg7
22. exf5 Bxf5 23. Bxf5 Rxf5 24. Qd3 Rxf1+ 25. Qxf1 d5 26. Ne2 Qg4 27. Rd2 Rf8
28. Qe1 Qe4 29. Rd3 Re8 30. Kf1 Rf8+ 31. Kg1 h5 32. Qd2 Re8 33. Ng3 Qe7 34. Nf1
Bh6 35. Qf2 Rf8 36. Rf3 Rxf3 37. gxf3 Qb4 38. c3 Qxa4 39. Qe2 Qb5 40. Qc2 Qa5
41. Qe2 Qd8 42. Qe6 Kg7 43. Kg2 Qf6 44. Qc8 Qe7 45. Qb8 a6 46. f4 Qf7 47. Kf3
Kh7 48. Ng3 g5 49. Qe5 h4 50. Nf5 gxf4 51. Nxh6 Kxh6 52. Qd6+ Kh5 53. Qe5+ Kg6
54. Kg4 Qf6 55. Qh5+ Kg7 56. Qxh4 Qe6+ 57. Kxf4 Qe4+ 58. Kg3 Qe1+ 59. Kg4 Qe2+ 1/2-1/2

[Event "15th London Classic Open"]
[Site "London ENG"]
[Date "2025.12.03"]
[Round "9.42"]
[White "Kapechun, Mikhailo"]
[Black "Tica, Sven"]
[Result "1-0"]
[BlackTitle "IM"]
[WhiteElo "2174"]
[BlackElo "2441"]
[WhiteFideId "34147527"]
[BlackFideId "14526948"]
[EventDate "2025.11.27"]

1. e4 g6 2. Nc3 Bg7 3. h4 h6 4. d4 a6 5. h5 g5 6. f4 gxf4 7. Bxf4 d6 8. Qd2 Nd7
9. Nf3 c5 10. O-O-O cxd4 11. Nxd4 Nc5 12. Nb3 Ne6 13. Be3 Nf6 14. Be2 Bd7 15.
Bf3 Bc6 16. Kb1 Nd7 17. Nd5 a5 18. Nd4 Bxd5 19. exd5 Nxd4 20. Bxd4 Bxd4 21. Qxd4
Ne5 22. Be2 Kf8 23. Qf4 Rc8 24. g4 f6 25. Rhf1 Qc7 26. Bd3 Nxd3 27. cxd3 Qc2+
28. Ka1 Qg2 29. Qf5 Rc5 30. Qd7 Qxd5 31. Qd8+ Kg7 32. Qxe7+ Qf7 33. Qxd6 Rd5 34.
Qf4 Rhd8 35. d4 Qe6 36. a3 b5 37. Qc7+ R8d7 38. Qxa5 Rb7 39. Qb4 Ra7 40. Rde1
Qd7 41. Re4 Rd6 42. Rfe1 Kf7 43. Qc5 Ra4 44. Qf5 1-0

[Event "15th London Classic Open"]
[Site "London ENG"]
[Date "2025.12.03"]
[Round "9.43"]
[White "Panjer, Sidney"]
[Black "Deepak Ambattu, Rithvik"]
[Result "1-0"]
[BlackTitle "CM"]
[WhiteElo "2287"]
[BlackElo "2168"]
[WhiteFideId "16207041"]
[BlackFideId "2410060"]
[EventDate "2025.11.27"]

1. e4 e5 2. Nf3 Nc6 3. Bc4 Bc5 4. b4 Bxb4 5. c3 Be7 6. d4 d6 7. dxe5 Bg4 8. Qb3
Bxf3 9. Bxf7+ Kf8 10. gxf3 Nxe5 11. Bxg8 Rxg8 12. Ke2 Qe8 13. Be3 Qc6 14. Nd2
Bf6 15. Rab1 b6 16. Rhg1 Nd7 17. Bd4 Re8 18. Rg4 Be5 19. Rbg1 Nc5 20. Bxc5 Qxc5
21. Rg5 Qc6 22. Rf5+ Ke7 23. Nc4 Bf6 24. Ne3 Rgf8 25. Nd5+ Kd7 26. Rxf6 gxf6 27.
Rg7+ Kd8 28. Rxc7 Qxc7 29. Nxc7 Kxc7 30. Qc4+ Kb7 31. Qd5+ Kc7 32. Qf5 Rf7 33.
f4 Ree7 34. h4 Rd7 35. h5 d5 36. exd5 Rde7+ 37. Kd3 Kd6 38. c4 Re8 39. Kd4 Re1
40. Qc8 Rd1+ 41. Kc3 Rd7 42. Qc6+ Ke7 43. Qe6+ Kd8 44. Qxf6+ Kc8 45. Qe6 Rf1 46.
d6 Rc1+ 47. Kb2 1-0

[Event "15th London Classic Open"]
[Site "London ENG"]
[Date "2025.12.03"]
[Round "9.44"]
[White "Kovalskyi, Roman"]
[Black "Hng, Mei-En Emmanuelle"]
[Result "1-0"]
[BlackTitle "WFM"]
[WhiteElo "2208"]
[BlackElo "2125"]
[WhiteFideId "14184214"]
[BlackFideId "5804566"]
[EventDate "2025.11.27"]

1. e4 c5 2. Nf3 e6 3. d4 cxd4 4. Nxd4 a6 5. c4 Nf6 6. Nc3 Bb4 7. Qd3 O-O 8. Be2
d6 9. Bd2 Nbd7 10. Nb3 Qc7 11. a3 Ne5 12. Qc2 Bxc3 13. Bxc3 Bd7 14. f4 Neg4 15.
Qd3 e5 16. h3 Nh6 17. g4 Nxe4 18. Qxe4 Bc6 19. Qc2 Bxh1 20. g5 Bc6 21. gxh6 g6
22. O-O-O Ba4 23. c5 dxc5 24. Bxe5 Qe7 25. Bc4 b5 26. Bd5 c4 27. Rg1 1-0

[Event "15th London Classic Open"]
[Site "London ENG"]
[Date "2025.12.03"]
[Round "9.45"]
[White "Fellowes, Billy"]
[Black "Stone, Andrew M"]
[Result "1-0"]
[WhiteTitle "CM"]
[WhiteElo "2184"]
[BlackElo "2122"]
[WhiteFideId "483540"]
[BlackFideId "404985"]
[EventDate "2025.11.27"]

1. e4 c6 2. d4 d5 3. e5 c5 4. Nf3 cxd4 5. Nxd4 Nc6 6. Bb5 Bd7 7. e6 fxe6 8. Nxc6
Bxc6 9. Bd3 Nf6 10. Bf4 e5 11. Bxe5 e6 12. O-O Bd6 13. Re1 O-O 14. Qe2 Bxe5 15.
Qxe5 Qb6 16. Nd2 Rae8 17. Nf3 h6 18. h3 Nd7 19. Qh5 Nf6 20. Qh4 Qxb2 21. Bg6 Re7
22. Rab1 Qc3 23. Ne5 Be8 24. Re3 Qc5 25. Rg3 Ne4 26. Nd3 Qc7 27. Bxe4 dxe4 28.
Qxe4 Rf5 29. Re1 Bc6 30. Qh4 Ref7 31. Rxe6 Kh7 32. Reg6 Qe7 33. Qg4 Qf8 34. Kh2
Bd7 35. Qd4 Qe7 36. Qxa7 Bb5 37. Qb6 Kh8 38. Re6 Qh4 39. Ne5 1-0